000 00272nam a2200109Ia 4500
001 588677
005 20250717120836.0
008 250717s9999 xx 000 0 und d
245 0 _aY-2 YAVUZUN KÜPESİ
_cERHAN AFYONCU
260 _bYEDİTEPE YAYINLARI
_c2018
300 _b320
999 _c588677
_d588677